[Event "Stay Safe Play From Home 329"]
[Site "Mustafa Kemal Atatürk"]
[Date "2020.07.24"]
[Round "9"]
[White "Mandy"]
[Black "W Nelles"]
[Result "0-1"]
[WhiteElo "884"]
[BlackElo "1226"]
[Annotator "NA"]
[PlyCount "46"]
[EventDate "2020.07.24"]
[EventType "swiss (blitz)"]

1. d4 {[%emt 0:00:03]} e6 {[%emt 0:00:01]} 2. Bf4 {[%emt 0:00:00]} Nf6 {[%emt 0:00:01]} 3. e3 {[%emt 0:00:00]} Bd6 {[%emt 0:00:01]} 4. Bg3 {[%emt 0:00:05]} Bxg3 {[%emt 0:00:01]} 5. hxg3 {[%emt 0:00:01]} O-O {[%emt 0:00:01]} 6. Nf3 {[%emt 0:00:00]} d5 {[%emt 0:00:01]} 7. Bd3 {[%emt 0:00:01]} Ne4 {[%emt 0:00:02]} 8. Bxe4 {[%emt 0:00:02]} dxe4 {[%emt 0:00:01]} 9. Ne5 {[%emt 0:00:01]} f6 {[%emt 0:00:03]} 10. Nc4 {[%emt 0:00:02]} b5 {[%emt 0:00:02]} 11. Ncd2 {[%emt 0:00:03]} Bb7 {[%emt 0:00:02]} 12. c3 {[%emt 0:00:01]} Nd7 {[%emt 0:00:02]} 13. Na3 {[%emt 0:00:03]} a6 {[%emt 0:00:02]} 14. Nxe4 {[%emt 0:00:02]} Bxe4 {[%emt 0:00:02]} 15. Qg4 {[%emt 0:00:04]} Bf5 {[%emt 0:00:04]} 16. Qf4 {[%emt 0:00:03]} Bg6 {[%emt 0:00:03]} 17. O-O {[%emt 0:00:05]} f5 {[%emt 0:00:01]} 18. g4 {[%emt 0:00:03]} fxg4 {[%emt 0:00:02]} 19. Qxg4 {[%emt 0:00:02]} Qf6 {[%emt 0:00:03]} 20. Qf3 {[%emt 0:00:04]} Qxf3 {[%emt 0:00:02]} 21. gxf3 {[%emt 0:00:01]} Rxf3 {[%emt 0:00:01]} 22. Kg2 {[%emt 0:00:02]} Be4 {[%emt 0:00:01]} 23. Nxb5 {[%emt 0:00:07]} Rxe3+ {[%emt 0:00:02] Zeit (Lag: Av=0.66s, max=1.2s)} 0-1